Statistics for Big Nate Characters

Click here to take the quiz!

General Stats

  • This quiz has been taken 58 times
  • The average score is 16 of 20

Answer Stats

HintCharacter% Correct
Main character who loves Cheez DoodlesNate Wright
100%
Funny friendTeddy Ortiz
94%
Friend of above who reads "Book of Facts"Francis Pope
91%
Teacher's pet and A+ studentGina Hemphill-Toms
91%
Boyfriend of above, and "Mr. Perfect"Artur Pashkov
88%
Long-term crush of main characterJenny
88%
Chubby, innocent friendChad Applewhite
85%
Extremely tall and violent studentChester
76%
Drama queenDee Dee Halloway
76%
Father of main characterMarty Wright
76%
Social studies teacher who yells a lotMrs. Godfrey
76%
Bully who wedgies main characterRandy Betancourt
76%
Hypnotist uncle of aboveUncle Pedro
76%
Sister of main characterEllen Wright
74%
Art teacherMr. Rosa
74%
Boyfriend of above and comic enthusiastGordie
71%
Ancient science teacherMr. Galvin
71%
Principal of P.S. 38Mr. Nichols
68%
Girl who has a crush on main characterKim Cressly
62%
Librarian who main character calls "Hickey"Mrs. Hickson
62%

Score Distribution

Percentile by Number Answered

Percent of People with Each Score

Your Score History

You have not taken this quiz